Loading...
| History - American | 0 | 5 | 1 | 0 | 45 | 49 | 69.60 | 0 | 2 | 0.00 | 0.00 |
| History - Other | 0 | 4 | 0 | 0 | 40 | 89 | 99.50 | 0 | 2 | 0.00 | 0.00 |
| Literature - World | 0 | 3 | 0 | 1 | 30 | 49 | 101.67 | 0 | 1 | 0.00 | 0.00 |
| History - World | 0 | 3 | 0 | 0 | 30 | 73 | 93.00 | 1 | 1 | 0.00 | 0.00 |
| Religion | 0 | 3 | 1 | 2 | 25 | 95 | 103.00 | 0 | 1 | 0.00 | 0.00 |
| Literature - European | 0 | 2 | 0 | 0 | 20 | 113 | 124.00 | 0 | 0 | 0.00 | 0.00 |
| Fine Arts - Other | 0 | 2 | 0 | 1 | 20 | 115 | 125.00 | 0 | 0 | 0.00 | 0.00 |
| Fine Arts - Classical Music | 0 | 2 | 0 | 1 | 20 | 111 | 119.50 | 0 | 0 | 0.00 | 0.00 |
| Literature - American | 0 | 2 | 0 | 0 | 20 | 86 | 112.00 | 0 | 0 | 0.00 | 0.00 |
| Science - Other | 0 | 2 | 1 | 1 | 15 | 92 | 108.00 | 0 | 1 | 0.00 | 0.00 |
| Current Events | 0 | 1 | 0 | 0 | 10 | 39 | 39.00 | 0 | 0 | 0.00 | 0.00 |
| Fine Arts - Painting and Sculpture | 0 | 1 | 0 | 0 | 10 | 80 | 80.00 | 0 | 1 | 0.00 | 0.00 |
| Mythology | 0 | 1 | 0 | 0 | 10 | 99 | 99.00 | 0 | 0 | 0.00 | 0.00 |
| Science - Biology | 0 | 1 | 0 | 0 | 10 | 106 | 106.00 | 0 | 0 | 0.00 | 0.00 |
| Science - Physics | 0 | 1 | 0 | 0 | 10 | 108 | 108.00 | 0 | 0 | 0.00 | 0.00 |
| History - European | 0 | 1 | 1 | 0 | 5 | 78 | 78.00 | 0 | 0 | 0.00 | 0.00 |
| Philosophy | 0 | 1 | 1 | 1 | 5 | 125 | 125.00 | 0 | 0 | 0.00 | 0.00 |
| Social Science | 0 | 1 | 2 | 0 | 0 | 72 | 72.00 | 0 | 1 | 0.00 | 0.00 |
| Science - Chemistry | 0 | 0 | 1 | 0 | -5 | 0.00 | 0 | 0 | 0.00 | 0.00 |